Cenvat : Guidelines & Procedure (Record no. 478304)

MARC details
000 -LEADER
fixed length control field 00662nam a2200217Ia 4500
008 - FIXED-LENGTH DATA ELEMENTS--GENERAL INFORMATION
fixed length control field 100315s9999 xx 000 0 und d
020 ## - INTERNATIONAL STANDARD BOOK NUMBER
International Standard Book Number 8172743483 
040 ## - CATALOGING SOURCE
Transcribing agency ENGLISH 
082 ## - DEWEY DECIMAL CLASSIFICATION NUMBER
Item number 3569 
Classification number 336.2714 
100 ## - MAIN ENTRY--PERSONAL NAME
Personal name Nabhi
245 ## - TITLE STATEMENT
Title Cenvat : Guidelines & Procedure
260 ## - PUBLICATION, DISTRIBUTION, ETC. (IMPRINT)
Place of publication, distribution, etc New Delhi 
Name of publisher, distributor, etc A Nabhi Publication  
Date of publication, distribution, etc 2001 
300 ## - PHYSICAL DESCRIPTION
Extent 192p. 
365 ## - TRADE PRICE
Price note Rupees 
Unit of pricing
Price amount 130.00 
366 ## - TRADE AVAILABILITY INFORMATION
Publishers' discount category
505 ## - FORMATTED CONTENTS NOTE
Miscellaneous information Tushar Jadhav 
620 ## -
-- "Mechanism of cenvat, Cenvat Credit, Documents & Accounts, Transfer of Credit "
630 ## - SUBJECT ADDED ENTRY--UNIFORM TITLE
Uniform title Cenvat : Guidelines & Procedure
730 ## - ADDED ENTRY--UNIFORM TITLE
Uniform title Cenvat : Guidelines & Procedure
942 ## - ADDED ENTRY ELEMENTS (KOHA)
Koha item type Book
Holdings
Withdrawn status Lost status Damaged status Not for loan Home library Current library Date acquired Cost, normal purchase price Total Checkouts Full call number Barcode Date last seen Price effective from Koha item type
        Dr. V. N. Bedekar Institute of Management Studies Library Dr. V. N. Bedekar Institute of Management Studies Library 05/18/2006 130.00   336.2714 /NAB  3569  VPMBRIMS-3569  03/19/2010 03/19/2010 Book